[Event "OS INCLIVEIS"]
[Site "http://www.queenalice.com/game.php?id=1158769"]
[Date "2013.3.7"]
[Round "-"]
[White "adelio"]
[Black "gomery"]
[Result "0-1"]
[WhiteElo "1727"]
[BlackElo "1617"]

1. d4 d5 2. e4 dxe4 3. Nc3 e5 4. Nxe4 exd4 5. Bd3 Nc6 6. Bd2 Nf6 7. Bg5 Be7 8.
Nxf6+ Bxf6 9. Bxf6 Qxf6 10. Bb5 Qe5+ 11. Be2 Qa5+ 12. Kf1 O-O 13. a3 Bf5 14. b4
Qd5 15. Nf3 Rad8 16. h3 Rfe8 17. Bd3 Bxd3+ 18. Qxd3 Ne5 19. Nxe5 Rxe5 20. Qf3 d3
21. Qxd3 Qxd3+ 22. cxd3 Rxd3 23. Kg1 Re2 24. g3 Rdd2 25. Rh2 Kf8 26. Rg2 Ke7 27.
a4 Ra2 28. Rf1 Rxa4 29. g4 Rxb4 30. Rg3 a5 31. Rd3 b5 32. Rfd1 c5 33. Rd7+ Ke6
34. R1d6+ Ke5 35. Rd5+ Ke4 36. f3+ Kxf3 37. Rf5+ Rf4 38. Rxc5 Kg3 39. Rc3+ Rf3
40. Rxf3+ Kxf3 41. Rxf7+ Kg3 42. Kf1 Re5 43. Rf2 b4 44. Re2 Rxe2 45. Kxe2 b3 46.
Kd2 a4 47. Kc3 Kxh3 48. Kb2 Kxg4 49. Ka3 h5 50. Kb2 h4 51. Ka3 h3 52. Kxa4 b2
53. Ka5 b1=Q 54. Ka6 h2 55. Ka5 h1=Q 56. Ka4 Qa8# 0-1

[Event "OS INCLIVEIS"]
[Site "http://www.queenalice.com/game.php?id=1160957"]
[Date "2013.3.14"]
[Round "-"]
[White "gomery"]
[Black "adelio"]
[Result "0-1"]
[WhiteElo "1635"]
[BlackElo "1799"]

1. e4 e5 2. Nf3 f6 3. Nc3 a6 4. Bc4 g6 5. d4 b5 6. Bb3 Ne7 7. Be3 Nbc6 8. d5 Nd4
9. Nxd4 exd4 10. Bxd4 Bg7 11. Qf3 Rf8 12. O-O d6 13. Ne2 h5 14. Rfe1 Bg4 15. Qd3
h4 0-1

[Event "AUTO-OPEN-2951"]
[Site "http://www.queenalice.com/game.php?id=1165044"]
[Date "2013.3.26"]
[Round "1"]
[White "hacamarguinho"]
[Black "gomery"]
[Result "1-0"]
[WhiteElo "1795"]
[BlackElo "1623"]

1. e4 c5 2. Nf3 Nc6 3. d4 cxd4 4. Nxd4 Nf6 5. Nc3 e5 6. Nxc6 bxc6 7. Bg5 Bb4 8.
Bc4 O-O 9. O-O Rb8 10. Bb3 Ba6 11. Re1 Re8 12. a3 Bc5 13. Na4 Be7 14. Bxf6 Bxf6
15. Nc5 Bc8 16. Qd6 Rb6 17. Na4 1-0

[Event "AUTO-OPEN-2951"]
[Site "http://www.queenalice.com/game.php?id=1165045"]
[Date "2013.3.26"]
[Round "1"]
[White "gomery"]
[Black "hacamarguinho"]
[Result "0-1"]
[WhiteElo "1614"]
[BlackElo "1804"]

1. e4 e5 2. Nf3 Nc6 3. c3 Be7 4. d4 d6 5. d5 Nb8 6. Be2 Nf6 7. Qc2 O-O 8. O-O
Bg4 9. Be3 Nbd7 10. Nbd2 Bxf3 11. Bxf3 Nc5 12. Rfe1 Qd7 13. Rad1 Ng4 14. Bxg4
Qxg4 15. b4 Nd7 16. a4 Bg5 17. Bxg5 Qxg5 18. Nf3 Qf4 19. c4 b6 0-1

[Event "AUTO-OPEN-2951"]
[Site "http://www.queenalice.com/game.php?id=1165064"]
[Date "2013.3.26"]
[Round "1"]
[White "Antero"]
[Black "gomery"]
[Result "1-0"]
[WhiteElo "1826"]
[BlackElo "1600"]

1. e4 c5 2. Nf3 Nc6 3. c3 Nf6 4. d3 d6 5. h3 Be6 6. Bg5 g6 7. Qd2 Bg7 8. Be2 O-O
9. Bh6 Bxh6 10. Qxh6 Qb6 11. b3 a5 12. O-O a4 13. Nbd2 axb3 14. axb3 Ra5 15. Ng5
Rfa8 16. Rxa5 Rxa5 17. Nxe6 fxe6 18. Nc4 Qxb3 19. Nxa5 Nxa5 20. Qd2 Nc6 21. Bd1
Qa3 22. Be2 b5 23. Qc1 Qxc1 24. Rxc1 Kf7 25. Rb1 b4 26. cxb4 Nxb4 27. Rf1 Nd7
28. f4 Kf6 29. g4 e5 30. fxe5+ Kxe5 31. Rf7 1-0

[Event "AUTO-OPEN-2951"]
[Site "http://www.queenalice.com/game.php?id=1165065"]
[Date "2013.3.26"]
[Round "1"]
[White "gomery"]
[Black "Antero"]
[Result "0-1"]
[WhiteElo "1593"]
[BlackElo "1833"]

1. e4 e5 2. Nf3 Nc6 3. Bb5 a6 4. Ba4 b5 5. Bb3 Nd4 6. Nxe5 Nxb3 7. axb3 Qe7 8.
d4 f6 9. Nf3 Qxe4+ 10. Be3 Bd6 11. Nbd2 Qd5 12. O-O Ne7 13. c4 bxc4 14. bxc4 Qf5
15. Re1 Bb4 16. b3 d6 17. d5 O-O 18. Nd4 Qd7 19. Ne6 Rf7 20. Qg4 Ng6 21. Re2 c6
22. Nf3 Bc3 23. Rd1 Bb7 24. Bd4 Bb4 25. Nh4 Nxh4 26. Qxh4 cxd5 27. cxd5 Bc8 28.
Rd3 Qb5 0-1

[Event "AUTO-OPEN-2951"]
[Site "http://www.queenalice.com/game.php?id=1165076"]
[Date "2013.3.26"]
[Round "1"]
[White "gomery"]
[Black "chessman"]
[Result "0-1"]
[WhiteElo "1606"]
[BlackElo "1925"]

1. e4 e6 2. d4 d5 3. Bd3 dxe4 4. Bxe4 Nf6 5. Bf3 c5 6. Ne2 cxd4 7. Qxd4 Be7 8.
Nbc3 O-O 9. Bf4 Qxd4 10. Nxd4 Nbd7 11. O-O-O Bb4 12. Rhe1 Bxc3 13. bxc3 Nd5 14.
Bxd5 exd5 15. Nf5 Nf6 16. Ne7+ Kh8 17. Nxc8 Raxc8 18. Kb2 Rfe8 19. Kb3 h6 20.
Be3 b6 21. h3 Rcd8 22. Kb4 Rc8 0-1

[Event "AUTO-OPEN-2951"]
[Site "http://www.queenalice.com/game.php?id=1165077"]
[Date "2013.3.26"]
[Round "1"]
[White "chessman"]
[Black "gomery"]
[Result "1-0"]
[WhiteElo "1928"]
[BlackElo "1603"]

1. e4 c5 2. Nf3 d6 3. Bb5+ Nc6 4. Bxc6+ bxc6 5. c3 Bg4 6. h3 Bh5 7. d4 cxd4 8.
Qa4 Qb6 9. Nxd4 Rb8 10. O-O Rc8 11. Na3 Nf6 12. Re1 e6 13. Nc4 Qb7 14. Na5 Qa6
15. Ndxc6 Nd7 16. Nd4 Be7 17. Bd2 O-O 18. Qxd7 Rfe8 19. Qa4 Rb8 20. b4 Rec8 21.
Rac1 Bf6 22. a3 Rb7 23. Be3 1-0

[Event "AUTO-OPEN-3389"]
[Site "http://www.queenalice.com/game.php?id=1325196"]
[Date "2014.11.29"]
[Round "1"]
[White "Gera"]
[Black "gomery"]
[Result "1-0"]
[WhiteElo "2052"]
[BlackElo "1588"]

1. e4 e5 2. Nf3 Nc6 3. d4 exd4 4. Nxd4 Bc5 5. Be3 Qf6 6. c3 Nge7 7. Be2 O-O 8.
O-O d5 9. Qd3 dxe4 10. Qxe4 Bd7 11. Nxc6 Nxc6 12. Bxc5 Rfe8 13. Qc2 Re6 14. Re1
Rae8 15. Be3 a6 16. Bf3 Na5 17. Nd2 Nc6 18. Rad1 Qe7 19. a3 b6 20. Nb1 Ne5 21.
Be2 a5 22. c4 Bc6 23. Nc3 Nd7 24. b4 axb4 25. axb4 Qxb4 26. Nb5 Bxb5 27. cxb5
Nc5 28. Bc4 R6e7 29. Rb1 1-0

[Event "AUTO-OPEN-3389"]
[Site "http://www.queenalice.com/game.php?id=1325197"]
[Date "2014.11.29"]
[Round "1"]
[White "gomery"]
[Black "Gera"]
[Result "0-1"]
[WhiteElo "1584"]
[BlackElo "2052"]

1. e4 e5 2. Nf3 d6 3. d4 exd4 4. Nxd4 Bd7 5. Nc3 Nf6 6. Bg5 Be7 7. Bc4 O-O 8.
Qf3 Nc6 9. Nf5 Bxf5 10. Qxf5 Nd4 11. Qf4 Nxc2+ 12. Ke2 Nxa1 13. Rxa1 Qd7 14. Rd1
Qc6 15. Bb3 a6 16. Kf1 b5 17. Kg1 Qc5 18. Nd5 Nxd5 19. Bxd5 Qc2 20. Qd2 Qxd2 21.
Bxd2 Rab8 22. Rc1 c5 23. Bf4 Rfd8 24. Bb3 Bf6 25. Rb1 c4 26. Bd1 Bd4 27. Bg4 Bc5
28. Kf1 Rb7 29. Rd1 Re8 30. f3 Rbb8 31. Ke2 g6 32. g3 f5 33. Bh3 fxe4 0-1

[Event "AUTO-OPEN-3389"]
[Site "http://www.queenalice.com/game.php?id=1325222"]
[Date "2014.11.29"]
[Round "1"]
[White "Ruusgugg"]
[Black "gomery"]
[Result "0-1"]
[WhiteElo "1493"]
[BlackElo "1563"]

1. e4 c5 2. Bc4 e6 3. Nf3 Nc6 4. O-O d5 5. exd5 exd5 6. Be2 Nf6 7. c4 Bf5 8. Ng5
dxc4 9. Bxc4 Nd5 10. g4 Qxg5 11. f3 O-O-O 12. Qb3 Nd4 13. Qa4 h5 14. Qxa7 hxg4
15. d3 Ne2+ 16. Kf2 Rxh2+ 17. Ke1 Qxc1# 0-1

[Event "AUTO-OPEN-3389"]
[Site "http://www.queenalice.com/game.php?id=1325223"]
[Date "2014.11.29"]
[Round "1"]
[White "gomery"]
[Black "Ruusgugg"]
[Result "1-0"]
[WhiteElo "1576"]
[BlackElo "1521"]

1. e4 e5 2. Nf3 Bd6 3. Bc4 f6 4. O-O Ne7 5. c3 g5 6. d4 exd4 7. cxd4 c5 8. Nc3
cxd4 9. Qxd4 Nec6 10. Qxd6 g4 11. Nd4 Ne5 12. Bb3 b6 13. Nd5 Na6 14. Nxf6+ Qxf6
15. Qxf6 Rf8 16. Qxe5+ Kd8 17. Bg5+ Rf6 18. Bxf6# 1-0

[Event "AUTO-OPEN-3389"]
[Site "http://www.queenalice.com/game.php?id=1325240"]
[Date "2014.11.29"]
[Round "1"]
[White "gomery"]
[Black "jacconsultoria"]
[Result "0-1"]
[WhiteElo "1590"]
[BlackElo "2169"]

1. e4 c5 2. Nf3 g6 3. d4 cxd4 4. Nxd4 Bg7 5. c4 Nc6 6. Be3 Nf6 7. Nc3 O-O 8. Be2
Nxd4 9. Bxd4 d6 10. O-O Be6 11. Qc2 Qa5 12. Rad1 Rac8 13. b3 Nd7 14. Bxg7 Kxg7
15. Nd5 Bxd5 16. exd5 Nf6 17. Rfe1 Nxd5 18. Bf3 Nf6 19. Bxb7 Rc7 20. Bf3 Rfc8
21. Re2 d5 22. Bxd5 Nxd5 23. Rxd5 Qxd5 0-1

[Event "AUTO-OPEN-3389"]
[Site "http://www.queenalice.com/game.php?id=1325241"]
[Date "2014.11.29"]
[Round "1"]
[White "jacconsultoria"]
[Black "gomery"]
[Result "1-0"]
[WhiteElo "2185"]
[BlackElo "1586"]

1. c4 f5 2. Nc3 Nf6 3. g3 g6 4. Bg2 Bg7 5. e3 Nc6 6. d4 d5 7. cxd5 Nb4 8. Qa4+
c6 9. Qxb4 Nxd5 10. Nxd5 cxd5 11. Qb5+ Bd7 12. Qxd5 Bc6 13. Qxd8+ Rxd8 14. Bxc6+
bxc6 15. Nf3 O-O 16. O-O Rb8 17. Rb1 Rfc8 18. Bd2 c5 19. Bc3 cxd4 20. Bxd4 Rb7
21. Bxg7 Kxg7 22. b3 Rc2 23. Ra1 Rd7 24. Nd4 Rd2 25. Rfd1 Rxd1+ 26. Rxd1 Kf6 27.
Rd2 e5 28. Nf3 Rxd2 29. Nxd2 Ke6 30. Kf1 Kd5 31. Ke2 Kc5 32. Nc4 e4 33. h3 Kb4
34. f3 exf3+ 35. Kxf3 1-0

[Event "AUTO-OPEN-3430"]
[Site "http://www.queenalice.com/game.php?id=1339448"]
[Date "2015.2.5"]
[Round "1"]
[White "Artking"]
[Black "gomery"]
[Result "0-1"]
[WhiteElo "2050"]
[BlackElo "1580"]

1. g4 d5 2. Bg2 c6 3. g5 e5 4. d3 Bc5 5. Nf3 Nd7 6. Nbd2 Ne7 7. e4 O-O 8. h4 Qc7
9. h5 Nb6 10. a3 Bg4 11. b4 Bd6 12. Nf1 c5 13. Ne3 Bxf3 14. Qxf3 cxb4 15. Nf5
Nxf5 16. exf5 bxa3 17. f6 Qc3+ 18. Ke2 Qxa1 19. g6 e4 20. gxh7+ Kxh7 21. Qf5+
Kg8 22. Rg1 Qxf6 23. Qg4 exd3+ 24. cxd3 a2 25. h6 a1=Q 26. hxg7 Rfe8+ 27. Be4
dxe4 28. dxe4 Qa2+ 29. Bd2 Bb4 30. Rh1 Qxd2+ 0-1

[Event "AUTO-OPEN-3430"]
[Site "http://www.queenalice.com/game.php?id=1339449"]
[Date "2015.2.5"]
[Round "1"]
[White "gomery"]
[Black "Artking"]
[Result "0-1"]
[WhiteElo "1582"]
[BlackElo "2026"]

1. e4 c5 2. Nf3 a6 3. c3 d6 4. d4 cxd4 5. cxd4 Nf6 6. Nc3 g6 7. Bc4 Bg7 8. O-O
Nbd7 9. Bf4 O-O 10. Re1 b5 11. Bb3 Bb7 12. Qe2 Nh5 13. Be3 Ndf6 14. e5 Ng4 15.
Bd2 dxe5 16. Nxe5 Nxe5 17. dxe5 Qd7 18. Rad1 Rad8 19. Bh6 Qc6 20. f3 Bxh6 21.
Rc1 Nf4 22. Qf2 Nd3 0-1

[Event "AUTO-OPEN-3430"]
[Site "http://www.queenalice.com/game.php?id=1339472"]
[Date "2015.2.5"]
[Round "1"]
[White "suenteus_po_147"]
[Black "gomery"]
[Result "1-0"]
[WhiteElo "1827"]
[BlackElo "1610"]

1. e4 c5 2. Nf3 Nc6 3. d4 cxd4 4. Nxd4 d5 5. Bb5 Bd7 6. exd5 Nxd4 7. Bxd7+ Qxd7
8. Qxd4 Nf6 9. c4 e6 10. Nc3 Bb4 11. Bd2 O-O 12. O-O Rfd8 13. Bg5 Bxc3 14. bxc3
exd5 15. cxd5 Qxd5 16. Bxf6 gxf6 17. Qxf6 Rd6 18. Qe7 Rc8 19. Qe3 b6 20. h3 Kf8
21. Rfe1 Re6 22. Qc1 Rxe1+ 23. Qxe1 Qc4 24. Rc1 Qxa2 25. Ra1 Qc4 26. Rxa7 Rc7
27. Ra8+ Rc8 28. Rxc8+ Qxc8 29. Qe5 Kg8 30. h4 Qe6 31. Qxe6 fxe6 32. Kf1 Kf7 33.
Ke2 Kf6 34. Kd3 Ke5 35. Kc4 Kd6 36. Kb5 Kc7 37. g4 1-0

[Event "AUTO-OPEN-3430"]
[Site "http://www.queenalice.com/game.php?id=1339473"]
[Date "2015.2.5"]
[Round "1"]
[White "gomery"]
[Black "suenteus_po_147"]
[Result "0-1"]
[WhiteElo "1582"]
[BlackElo "1796"]

1. e4 c5 2. Nf3 e6 3. c3 d5 4. exd5 Qxd5 5. d4 Nf6 6. Bd3 Be7 7. O-O O-O 8. Qe2
cxd4 9. Nxd4 e5 10. Nf3 e4 11. Nd4 exd3 12. Qxe7 Re8 13. Qb4 Nc6 14. Nxc6 bxc6
15. Bf4 c5 16. Qb3 c4 17. Qd1 Bg4 18. f3 Re2 19. Rf2 Rae8 20. Kf1 Rxf2+ 21. Kxf2
Re2+ 22. Kg3 Nh5+ 23. Kxg4 Rxg2+ 24. Bg3 Nf6+ 25. Kh3 Re2 26. Nd2 Qf5+ 0-1

[Event "AUTO-OPEN-3430"]
[Site "http://www.queenalice.com/game.php?id=1339488"]
[Date "2015.2.5"]
[Round "1"]
[White "gomery"]
[Black "Lopesq"]
[Result "0-1"]
[WhiteElo "1606"]
[BlackElo "1403"]

1. e4 c5 2. Nf3 Nc6 3. c3 e5 4. Bc4 h6 5. d4 cxd4 6. cxd4 exd4 7. Nxd4 Bb4+ 8.
Nc3 Bxc3+ 9. bxc3 Nf6 10. Qc2 Nxd4 11. cxd4 O-O 12. O-O d6 13. Bf4 a6 14. Rad1
Bg4 15. f3 Bh5 16. Rfe1 Re8 17. e5 dxe5 18. dxe5 Nd7 19. e6 Qb6+ 20. Be3 fxe6
21. Bxb6 Nxb6 22. Rxe6 Rxe6 23. Bxe6+ Kh8 24. Qc5 Na4 25. Qxh5 Nc3 0-1

[Event "AUTO-OPEN-3430"]
[Site "http://www.queenalice.com/game.php?id=1339489"]
[Date "2015.2.5"]
[Round "1"]
[White "Lopesq"]
[Black "gomery"]
[Result "0-1"]
[WhiteElo "1397"]
[BlackElo "1598"]

1. Nf3 c5 2. d4 Nf6 3. dxc5 e6 4. b4 d5 5. a3 Nc6 6. c3 Bd7 7. Bg5 Be7 8. e3 O-O
9. Be2 Ng4 10. Bxe7 Qxe7 11. O-O Nce5 12. h3 Nxf3+ 13. Bxf3 Ne5 14. Be2 Rfc8 15.
Nd2 a5 16. f4 Ng6 17. Nf3 b6 18. Qd2 bxc5 19. b5 c4 20. a4 Rc7 21. Qe1 e5 22.
Nxe5 Nxe5 23. fxe5 Qxe5 24. Qf2 f6 0-1

[Event "AUTO-OPEN-3461"]
[Site "http://www.queenalice.com/game.php?id=1351350"]
[Date "2015.4.2"]
[Round "1"]
[White "gomery"]
[Black "RDario"]
[Result "0-1"]
[WhiteElo "1600"]
[BlackElo "1971"]

1. e4 d6 2. d4 Nd7 3. Nc3 h6 4. Nf3 g5 5. Bc4 Bg7 6. O-O e5 7. dxe5 dxe5 8. Be3
c6 9. Qe2 Ne7 10. Rad1 Qc7 11. Nd2 Nf6 12. Bc5 Ng6 13. Nf3 Bf8 0-1

[Event "AUTO-OPEN-3461"]
[Site "http://www.queenalice.com/game.php?id=1351351"]
[Date "2015.4.2"]
[Round "1"]
[White "RDario"]
[Black "gomery"]
[Result "1-0"]
[WhiteElo "1969"]
[BlackElo "1602"]

1. d4 d5 2. c4 c6 3. Nf3 Nf6 4. Nc3 dxc4 5. a4 Bg4 6. e4 Nbd7 7. Bxc4 Nb6 8. Ba2
e6 9. Bg5 Bb4 10. e5 Nxa4 11. Qxa4 Be7 12. exf6 Bxf6 13. Bf4 O-O 14. Ne5 1-0

[Event "AUTO-OPEN-3461"]
[Site "http://www.queenalice.com/game.php?id=1351352"]
[Date "2015.4.2"]
[Round "1"]
[White "gomery"]
[Black "jailtontiago"]
[Result "0-1"]
[WhiteElo "1606"]
[BlackElo "1908"]

1. e4 c5 2. Nf3 a6 3. c3 d6 4. d4 cxd4 5. cxd4 e6 6. Nc3 Be7 7. Bc4 Nf6 8. O-O
O-O 9. Bg5 b5 10. Bd3 Bb7 11. Re1 Nbd7 0-1